| 000 | 00639nam a22002057a 4500 | ||
|---|---|---|---|
| 005 | 20140804123243.0 | ||
| 010 | _aENG-109958 | ||
| 020 |
_a9789351431244 _c1495.00 |
||
| 035 | _aEN-93491 | ||
| 037 | _bDBAD/PUB | ||
| 082 | _a343.54 | ||
| 100 | _aShome, Parthasarathi | ||
| 245 |
_aTaxation : _cby Parthasarathi Shome _bprinciples and applications : a compendium / |
||
| 250 | _a2nd ed | ||
| 260 |
_aGurgaon _bLexis Nexis _c2014 |
||
| 270 |
_a14th Floor, Bldg No.10, Tower-B, DLF Cyber City, Phase-II _bGurgaon _e122002 |
||
| 300 |
_axvi,824p. _c24cm(Hb) |
||
| 500 | _aIncludes index | ||
| 942 |
_2ddc _cEN _mSHO _h343.54 |
||
| 999 |
_c84385 _d84385 |
||